| 000 | 00684nam0a22002411 4500 | ||
|---|---|---|---|
| 001 | rc\4852474 | ||
| 005 | 20130426143532.9 | ||
| 021 |
_aRU _b[60-39266] |
||
| 035 | _a(NLR Aleph) 008814920 | ||
| 090 |
_a8185335 _c8185335 |
||
| 100 | _a20130426d1960 |||y0rusy50 ca | ||
| 101 | 0 | _arus | |
| 102 | _aRU | ||
| 105 | _ay z ||||| | ||
| 200 | 1 |
_aСередина лета _eКнига лирики |
|
| 210 |
_aМосква _cСов. писатель _d1960 |
||
| 215 |
_a113 с. _d17 |
||
| 700 | 1 |
_aХелемский _bЯ. А. _f1914- _gЯков Александрович |
|
| 801 | 0 |
_aRU _bNLR _gpsbo |
|
| 801 | 1 |
_aRU _bELAR _2rusmarc |
|
| 852 |
_aNLR _j60-2/1241 |
||
| 942 | _cBOOK | ||
| 980 | _aNB | ||